000 00521nam a22001932 4500
001 0000002882
005 20151217151907.0
008 070420s xx 000 0 eng d
020 _a0786705582 :
040 _aKABU
_cKABU
050 0 _aPS3564
_b.E96J84
100 1 _aNewman, Kim.
_@0000152386
245 1 0 _aJudgement of tears /
_cAnno Dracula 1959-.
260 _aNew York :
_bCarrol & Graf,
_c1998.
300 _a291 p.
908 _a070420
950 _@1
999 _c6079
_d6079